000 00331nam a2200133Ia 4500
005 20251222143117.0
008 251222s9999||||xx |||||||||||||| ||spa||
020 _a84-7167-127-1
082 _a249.15/L26
100 _aLarrabe, José Luis
245 0 _aEl Sacramento como Encuentro de Salvación
264 _bEset
942 _cLIB
999 _c11390
_d11390